Statistics for Guess The Skincare Brands

Click here to take the quiz!

General Stats

  • This quiz has been taken 101 times
  • The average score is 9 of 16

Answer Stats

Answer% Correct
Drunk Elephant
93%
Glow Recipe
87%
Glow Recipe
87%
Bubble
85%
Sol de Janeiro
78%
Sol de Janeiro
78%
The Ordinary
78%
Byoma
76%
Tree Hut
70%
Touchland
64%
Charlotte Tilbury
46%
e.l.f
25%
Laneige
16%
Clarins
12%
Shiseido
10%
Pixi by Petra
7%

Score Distribution

Percentile by Number Answered

Percent of People with Each Score

Your Score History

You have not taken this quiz